000 00615nam a2200193Ia 4500
003 GCL
008 140319s9999 xx 000 0 ara d
040 _aGCL /
_cGCL
082 0 4 _a928.1
_bج ر
100 1 _aجورج عبده معتوق
245 1 0 _aابن الرومى الشاعر المغبون /
_cجورج عبده معتوق
260 _aبيروت :
_bدار الكتاب اللبنانى ،
_c1975
300 _a150 ص ؛
_c20 سم
490 _a
650 0 4 _aالادب العربى
650 0 4 _aالادباء العرب
650 0 4 _aالادباء العرب - تراجم
942 _2ddc
_cBK
999 _c54441
_d54441